000 00643nam a2200205Ia 4500
003 GCL
008 140319s9999 xx 000 0 ara d
040 _aGCL /
_cGCL
082 0 4 _a370.1934
_bح ن
100 1 _aحامد عمار
245 1 0 _aنحو تجديد تربوى ثقافى /
_cحامد عمار
250 _aالاولى
260 _aالقاهرة :
_bمكتبة الدار العربية للكتاب ،
_c1998
300 _a161 ص ؛
_c24 سم
490 _aدراسات فى التربية والثقافة
_v0
650 0 4 _aالتعليم
650 0 4 _aالثقافة
650 0 4 _aالتدريس
942 _2ddc
_cBK
999 _c51954
_d51954